000 00666nam a2200265Ia 4500
005 20250425162605.0
008 250425s9999 xx 000 0 und d
020 _a9780077402280
041 _aeng
082 _a620.1053
100 _aBEER, FERDINAND P.
245 0 _aVECTOR MECHANICS FOR ENGINEERS: STATICS
250 _a10TH ED.
260 _aEstados Unidos
_bMCGRAW-HILL
_c2013
260 _aNEW YORK
300 _a599
650 _aANALISIS VECTORIAL
650 _aESTATICA
650 _aMECANICA APLICADA
650 _aMECANICA VECTORIAL
700 _aJOHNSTON, E. RUSSELL
700 _aMAZUREK, DAVID F.
942 _c01
010 _a87944
999 _c232380
_d232380